UCSC Library OPAC

New Valley Journal of Agricultural Science (Record no. 72444)

MARC details
000 -LEADER
fixed length control field 00611nam a2200193Ia 4500
008 - FIXED-LENGTH DATA ELEMENTS--GENERAL INFORMATION
fixed length control field 240729s9999 xx 000 0 und d
022 ## - INTERNATIONAL STANDARD SERIAL NUMBER
International Standard Serial Number 2805-2439
245 #0 - TITLE STATEMENT
Title New Valley Journal of Agricultural Science
260 ## - PUBLICATION, DISTRIBUTION, ETC.
Place of publication, distribution, etc. Egypt
260 ## - PUBLICATION, DISTRIBUTION, ETC.
Name of publisher, distributor, etc. New Valley University, Faculty of Agriculture
650 ## - SUBJECT ADDED ENTRY--TOPICAL TERM
Topical term or geographic name entry element Agriculture (General) | Agriculture
650 ## - SUBJECT ADDED ENTRY--TOPICAL TERM
Topical term or geographic name entry element Animal culture | Agriculture
650 ## - SUBJECT ADDED ENTRY--TOPICAL TERM
Topical term or geographic name entry element Aquaculture. Fisheries. Angling
650 ## - SUBJECT ADDED ENTRY--TOPICAL TERM
Topical term or geographic name entry element Plant culture | Agriculture
650 ## - SUBJECT ADDED ENTRY--TOPICAL TERM
Topical term or geographic name entry element Agriculture
856 ## - ELECTRONIC LOCATION AND ACCESS
Uniform Resource Identifier <a href="https://doaj.org/toc/cfdbff545d2948109fa47c0b5f97c706">https://doaj.org/toc/cfdbff545d2948109fa47c0b5f97c706</a>
942 ## - ADDED ENTRY ELEMENTS (KOHA)
Source of classification or shelving scheme Dewey Decimal Classification
942 ## - ADDED ENTRY ELEMENTS (KOHA)
Koha item type DOAJ E-Journal
945 ## - LOCAL PROCESSING INFORMATION (OCLC)
a 1
b Madushi Gamage
c 1
d Madushi Gamage
Holdings
Withdrawn status Lost status Damaged status Not for loan Collection Home library Current library Shelving location Date acquired Total checkouts Date last seen Price effective from Koha item type
        DOAJ E-Journal UCSC Library UCSC Digital Library DOAJ E- Journal 29/07/2024   29/07/2024 29/07/2024 DOAJ E-Journal